[Event "Gelsenkirchen Koenigsspringer op"]
[Site "Gelsenkirchen"]
[Date "2019.12.29"]
[Round "5"]
[White "Lauche, Christoph"]
[Black "Cakir, Eren"]
[Result "0-1"]
[WhiteElo "1855"]
[BlackElo "1788"]
[PlyCount "84"]
[EventDate "2019.12.27"]
[EventType "swiss"]
[EventRounds "7"]
[EventCountry "GER"]
[SourceTitle "CBM 194 Extra"]
[Source "ChessBase"]
[SourceDate "2020.03.31"]
[SourceVersion "1"]
[SourceVersionDate "2020.03.31"]
[SourceQuality "1"]

1. e4 c5 2. b4 cxb4 3. a3 e5 4. Nf3 Nc6 5. Bb5 d6 6. axb4 Qb6 7. Nc3 Bd7 8. Nd5 Qd8 9. c3 Nf6 10. d3 Nxd5 11. exd5 Ne7 12. Bxd7+ Qxd7 13. Qb3 g6 14. 0-0 Bg7 15. Bb2 0-0 16. Rad1 h6 17. d4 e4 18. Nd2 f5 19. Rde1 g5 20. f3 exf3 21. Rxf3 f4 22. Re6 Nf5 23. Ne4 a5 24. bxa5 Rxa5 25. Rf1 Rb8 26. Rb1 Rb5 27. Qc4 Rc8 28. Qa2 Qc7 29. Ba3 Qc4 30. Qc2 Nxd4 31. Nf6+ Bxf6 32. Qg6+ Bg7 33. Re8+ Rxe8 34. Qxe8+ Bf8 35. Rxb5 Nxb5 36. Qe6+ Kh8 37. Qf6+ Bg7 38. Qd8+ Kh7 39. Bxd6 Nxd6 40. Qxd6 Qxc3 41. Qe6 Bd4+ 42. Kf1 Qc1+ 0-1

[Event "Ruhrgebiet Verbandsklasse Gruppe 2 1819"]
[Site "Nordrheinwestfalen"]
[Date "2018.09.23"]
[Round "1.6"]
[White "Lauche, Christoph"]
[Black "Degner, Friedhelm"]
[Result "1-0"]
[WhiteElo "1834"]
[BlackElo "1794"]
[PlyCount "63"]
[EventDate "2018.09.23"]
[EventType "team-tourn"]
[EventRounds "9"]
[EventCountry "GER"]
[SourceTitle "EXT 2022"]
[Source "ChessBase"]
[SourceDate "2021.10.06"]
[SourceVersion "1"]
[SourceVersionDate "2021.10.06"]
[SourceQuality "1"]
[WhiteTeam "Dortmund FS"]
[BlackTeam "Kupferdreh Germania"]
[WhiteTeamCountry "GER"]
[BlackTeamCountry "GER"]

1. e4 e5 2. Bb5 Nf6 3. d4 exd4 4. e5 Bb4+ 5. c3 Qe7 6. cxb4 Qxb4+ 7. Qd2 Qxb5 8. exf6 Kd8 9. Qxd4 Nc6 10. Qc3 Nb4 11. fxg7 Re8+ 12. Be3 Nd5 13. Na3 Nxc3 14. Nxb5 Nxb5 15. 0-0-0 Rg8 16. Bg5+ f6 17. Bxf6+ Ke8 18. g4 Kf7 19. g5 a6 20. Nf3 d6 21. Rde1 Be6 22. a4 Na7 23. Nd4 Rae8 24. Rxe6 Rxe6 25. Nxe6 Kxe6 26. Re1+ Kf5 27. Re7 Kg6 28. Rxc7 Nc6 29. Rxb7 Ne5 30. Rb6 Rc8+ 31. Kd1 Nc6 32. Rxc6 1-0

[Event "Herne UFO op 9th"]
[Site "Herne"]
[Date "2018.05.30"]
[Round "1"]
[White "Lauche, Christoph"]
[Black "Levin, Felix"]
[Result "1/2-1/2"]
[WhiteElo "1868"]
[BlackElo "2470"]
[PlyCount "113"]
[EventDate "2018.05.30"]
[EventType "swiss"]
[EventRounds "7"]
[EventCountry "GER"]
[SourceTitle "CBM 184 Extra"]
[Source "ChessBase"]
[SourceDate "2018.06.28"]
[SourceVersion "1"]
[SourceVersionDate "2018.06.28"]
[SourceQuality "1"]

1. e4 c5 2. b4 cxb4 3. a3 d5 4. exd5 Qxd5 5. Nf3 Bg4 6. axb4 Qe4+ 7. Be2 Bxf3 8. gxf3 Qxb4 9. Nc3 Qd4 10. Ra4 Qd7 11. d4 e6 12. d5 exd5 13. Nxd5 Nc6 14. Re4+ Be7 15. Bb2 Kf8 16. Qa1 Nf6 17. Bxf6 Bxf6 18. Nxf6 gxf6 19. Qxf6 Rg8 20. Qh6+ Rg7 21. Rg1 f5 22. Bc4 fxe4 23. Qf6+ Rf7 24. Bxf7 Qxf7 25. Qh8+ Ke7 26. Qxa8 Kd6 27. fxe4 Qf4 28. Rg3 Qc1+ 29. Ke2 Nd4+ 30. Kd3 Qd1+ 31. Kc3 Ne2+ 32. Kb2 Qc1+ 33. Kb3 Qb1+ 34. Ka3 Qa1+ 35. Kb3 Qb1+ 36. Ka3 Qa1+ 37. Kb3 Qb1+ 38. Ka3 Nxg3 39. Qd8+ Ke5 40. Qd5+ Kf6 41. e5+ Kf5 42. e6+ Kf6 43. hxg3 Qxc2 44. Qxb7 Qc3+ 45. Qb3 Qa1+ 46. Qa2 Qe1 47. Qb2+ Kxe6 48. Qb3+ Kf6 49. Qf3+ Ke7 50. Qb7+ Kd6 51. Qb8+ Kd5 52. Qd8+ Kc6 53. Qc8+ Kb6 54. Qd8+ Kc6 55. Qc8+ Kb6 56. Qd8+ Kc6 57. Qc8+ 1/2-1/2

[Event "Ruhrgebiet Verbandsklasse Gruppe 1 1718"]
[Site "Germany"]
[Date "2018.01.14"]
[Round "5.4"]
[White "Lauche, Christoph"]
[Black "Sharma, Rakesh"]
[Result "1-0"]
[WhiteElo "1833"]
[BlackElo "1858"]
[PlyCount "97"]
[EventDate "2017.09.17"]
[EventType "team-tourn"]
[EventRounds "9"]
[EventCountry "GER"]
[SourceTitle "EXT 2022"]
[Source "ChessBase"]
[SourceDate "2021.10.06"]
[SourceVersion "1"]
[SourceVersionDate "2021.10.06"]
[SourceQuality "1"]
[WhiteTeam "Dortmund FS"]
[BlackTeam "Welper SV II"]
[WhiteTeamCountry "GER"]
[BlackTeamCountry "GER"]

1. e4 c5 2. b4 cxb4 3. a3 e6 4. axb4 Bxb4 5. Bb2 Nf6 6. e5 Nd5 7. c4 Nf4 8. h4 h5 9. g3 Ng6 10. Bd3 Nc6 11. Bxg6 fxg6 12. Qc2 Ne7 13. Nh3 0-0 14. Nf4 Rf5 15. Nd3 Nc6 16. Nxb4 Nxb4 17. Qc3 Nc6 18. d4 Qf8 19. Ba3 Qf7 20. f4 b6 21. Nd2 Bb7 22. Ne4 Nxe5 23. Nd6 Nf3+ 24. Kd1 Qf6 25. Nxb7 Qxd4+ 26. Qxd4 Nxd4 27. Nd6 Ra5 28. Bb2 Rxa1+ 29. Bxa1 Nf5 30. Nxf5 gxf5 31. Kd2 Kf7 32. Bd4 g6 33. Ra1 Ke7 34. Kd3 a5 35. Bxb6 a4 36. Kd4 Kf6 37. Bc5 Ra6 38. Ba3 Rb6 39. Rc1 d6 40. Rc3 e5+ 41. Kd5 e4 42. Bxd6 Rb1 43. c5 Rb3 44. Rc1 Rd3+ 45. Kc6 Ke6 46. Kc7 Kd5 47. c6 e3 48. Kd7 e2 49. c7 1-0

[Event "Ruhrgebiet Verbandsliga Gruppe 1 1516"]
[Site "Germany"]
[Date "2015.09.27"]
[Round "2"]
[White "Krueger, Simon"]
[Black "Lauche, Christoph"]
[Result "1-0"]
[WhiteElo "1951"]
[BlackElo "1871"]
[PlyCount "118"]
[EventDate "2015.09.06"]
[EventType "team-tourn"]
[EventRounds "9"]
[EventCountry "GER"]
[SourceTitle "EXT 2022"]
[Source "ChessBase"]
[SourceDate "2021.10.06"]
[SourceVersion "1"]
[SourceVersionDate "2021.10.06"]
[SourceQuality "1"]
[WhiteTeam "Dortmund Hansa III"]
[BlackTeam "Dortmund FS"]
[WhiteTeamCountry "GER"]
[BlackTeamCountry "GER"]

1. Nf3 d6 2. d4 f5 3. Nc3 Nf6 4. Bg5 Nbd7 5. Qd3 e6 6. e4 fxe4 7. Nxe4 Be7 8. h4 c6 9. 0-0-0 Qa5 10. Kb1 d5 11. Ned2 c5 12. Nb3 Qb6 13. c4 cxd4 14. cxd5 e5 15. Re1 Qd6 16. Qf5 0-0 17. Qe6+ Kh8 18. Nxe5 Nxe5 19. Qxe5 Qxe5 20. Rxe5 Bd6 21. Bxf6 gxf6 22. Re1 Bf5+ 23. Ka1 Bb4 24. Rd1 Bc2 25. Rxd4 Bxb3 26. axb3 Bc5 27. Rd2 Bb4 28. Rd1 Bc5 29. f3 Rad8 30. h5 Rfe8 31. Bc4 a6 32. b4 Bxb4 33. Rh4 Bd6 34. Re4 b5 35. Bd3 Kg7 36. h6+ Kh8 37. Bc2 Bf8 38. Rxe8 Rxe8 39. d6 Rd8 40. d7 Be7 41. Bb3 f5 42. Bf7 Bf8 43. Be6 Bxh6 44. Bxf5 Kg7 45. Rd6 a5 46. Rd5 b4 47. Rxa5 Bf4 48. Ka2 Bc7 49. Rb5 Bd6 50. Kb3 Kf6 51. Rd5 Be7 52. Bxh7 Ke6 53. Kc4 Rh8 54. Bf5+ Kf6 55. Bh3 Rb8 56. Rf5+ Kg7 57. Ra5 Kf6 58. Ra6+ Kg5 59. Rc6 Rd8 1-0

[Event "Ruhrgebiet Verbandsliga Gruppe 1 1516"]
[Site "Germany"]
[Date "2015.09.06"]
[Round "1.4"]
[White "Lauche, Christoph"]
[Black "Wichtrup, Jan Louis"]
[Result "1/2-1/2"]
[WhiteElo "1871"]
[BlackElo "1772"]
[PlyCount "36"]
[EventDate "2015.09.06"]
[EventType "team-tourn"]
[EventRounds "9"]
[EventCountry "GER"]
[SourceTitle "EXT 2022"]
[Source "ChessBase"]
[SourceDate "2021.10.06"]
[SourceVersion "1"]
[SourceVersionDate "2021.10.06"]
[SourceQuality "1"]
[WhiteTeam "Dortmund FS"]
[BlackTeam "Dortmund SV"]
[WhiteTeamCountry "GER"]
[BlackTeamCountry "GER"]

1. e4 e5 2. Bc4 Nf6 3. Nc3 Nxe4 4. Nxe4 d5 5. Bxd5 Qxd5 6. Qf3 Be6 7. Nc3 Qxf3 8. Nxf3 Nc6 9. a3 f6 10. 0-0 0-0-0 11. d3 Bc5 12. Be3 Bb6 13. Rfe1 Rhe8 14. Rac1 Bg4 15. Nd2 Nd4 16. Nc4 Bf5 17. Nxb6+ axb6 18. Ne2 Nxe2+ 1/2-1/2

[Event "Ruhrgebiet Verbandsklasse Gruppe 3 1415"]
[Site "Germany"]
[Date "2015.02.08"]
[Round "6.6"]
[White "Lauche, Christoph"]
[Black "Sharma, Rakesh"]
[Result "1-0"]
[WhiteElo "1913"]
[BlackElo "1783"]
[PlyCount "35"]
[EventDate "2014.09.21"]
[EventType "team-tourn"]
[EventRounds "9"]
[EventCountry "GER"]
[SourceTitle "EXT 2022"]
[Source "ChessBase"]
[SourceDate "2021.10.06"]
[SourceVersion "1"]
[SourceVersionDate "2021.10.06"]
[SourceQuality "1"]
[WhiteTeam "Dortmund FS"]
[BlackTeam "Welper SV II"]
[WhiteTeamCountry "GER"]
[BlackTeamCountry "GER"]

1. e4 c5 2. b4 e6 3. bxc5 Bxc5 4. d4 Bb6 5. c3 Ne7 6. Bd3 0-0 7. Nd2 f5 8. Ngf3 fxe4 9. Nxe4 d5 10. Neg5 Nf5 11. Nxh7 Kxh7 12. Ng5+ Kg8 13. Qh5 Rf6 14. Qh7+ Kf8 15. Bxf5 Rh6 16. Ba3+ Ke8 17. Qg8+ Kd7 18. Qxg7+ 1-0

[Event "NRW Verbandsklasse Group3 1314"]
[Site "Nordrheinwestfalen"]
[Date "2014.02.16"]
[Round "7.2"]
[White "Mombeck, Michael"]
[Black "Lauche, Christoph"]
[Result "0-1"]
[WhiteElo "2021"]
[BlackElo "1907"]
[PlyCount "76"]
[EventDate "2013.09.08"]
[EventType "team-tourn"]
[EventRounds "9"]
[EventCountry "GER"]
[SourceTitle "EXT 2020"]
[Source "ChessBase"]
[SourceDate "2019.10.17"]
[SourceVersion "1"]
[SourceVersionDate "2019.10.17"]
[SourceQuality "1"]
[WhiteTeam "Wacker Bergeborbeck"]
[BlackTeam "Dortmund FS 98 II"]
[WhiteTeamCountry "GER"]
[BlackTeamCountry "GER"]

1. e4 d6 2. Nc3 Nf6 3. d4 Nbd7 4. Nf3 e5 5. Be2 Be7 6. 0-0 c6 7. h3 Qc7 8. a4 h6 9. Re1 Nf8 10. Be3 g5 11. Nd2 Ng6 12. a5 Nf4 13. Nc4 Rg8 14. Bxf4 gxf4 15. Kh1 Bd7 16. Qd3 0-0-0 17. d5 Rg5 18. Bf1 Rdg8 19. dxc6 bxc6 20. Red1 d5 21. exd5 cxd5 22. Na3 Bc6 23. Nab5 Qb7 24. a6 Qa8 25. f3 Nh5 26. Ne2 Bc5 27. c4 e4 28. fxe4 dxe4 29. Nd6+ Kc7 30. Nxe4 Bxe4 31. Qd7+ Kb8 32. Ra5 Bxg2+ 33. Kh2 Bc6 34. Rb5+ Bxb5 35. Qd8+ Rxd8 36. Rxd8+ Kc7 37. Rxa8 Bc6 38. Rh8 f3 0-1

[Event "NRW Verbandsklasse Group3 1314"]
[Site "Nordrheinwestfalen"]
[Date "2013.11.03"]
[Round "3.2"]
[White "Lauche, Christoph"]
[Black "Krabbe, Christian"]
[Result "1/2-1/2"]
[WhiteElo "1907"]
[BlackElo "1969"]
[PlyCount "88"]
[EventDate "2013.09.08"]
[EventType "team-tourn"]
[EventRounds "9"]
[EventCountry "GER"]
[SourceTitle "EXT 2020"]
[Source "ChessBase"]
[SourceDate "2019.10.17"]
[SourceVersion "1"]
[SourceVersionDate "2019.10.17"]
[SourceQuality "1"]
[WhiteTeam "Dortmund FS 98 II"]
[BlackTeam "Kamen SV II"]
[WhiteTeamCountry "GER"]
[BlackTeamCountry "GER"]

1. e4 d6 2. d4 Nf6 3. Nc3 g6 4. Bg5 c6 5. Qd2 b5 6. a3 Nbd7 7. Nf3 Qc7 8. Bh6 a6 9. Bxf8 Nxf8 10. e5 Nd5 11. Nxd5 cxd5 12. Bd3 dxe5 13. Nxe5 Ne6 14. c3 f6 15. Nf3 0-0 16. g3 Ng7 17. 0-0 Nf5 18. Rfe1 Nd6 19. Nh4 g5 20. Ng2 e6 21. Qe2 Qf7 22. h4 h6 23. f4 Qg7 24. Kh2 Bd7 25. Rf1 g4 26. b3 Rae8 27. Rae1 h5 28. Ne3 Bc6 29. Qc2 Re7 30. Ng2 Bd7 31. c4 bxc4 32. bxc4 dxc4 33. Bxc4 Nxc4 34. Qxc4 Bb5 35. Qc5 Bxf1 36. Rxf1 Qf7 37. Re1 f5 38. Ne3 Rd7 39. Nc4 Rc7 40. Qb4 Qe7 41. Qb3 Rfc8 42. Ne3 Qf7 43. Qd3 a5 44. d5 exd5 1/2-1/2

[Event "NRW Verbandsklasse Group3 1314"]
[Site "Nordrheinwestfalen"]
[Date "2013.09.08"]
[Round "1.2"]
[White "Lauche, Christoph"]
[Black "Hermanowski, Mark"]
[Result "0-1"]
[WhiteElo "1907"]
[BlackElo "1828"]
[PlyCount "48"]
[EventDate "2013.09.08"]
[EventType "team-tourn"]
[EventRounds "9"]
[EventCountry "GER"]
[SourceTitle "EXT 2020"]
[Source "ChessBase"]
[SourceDate "2019.10.17"]
[SourceVersion "1"]
[SourceVersionDate "2019.10.17"]
[SourceQuality "1"]
[WhiteTeam "Dortmund FS 98 II"]
[BlackTeam "Hervest Dorsten"]
[WhiteTeamCountry "GER"]
[BlackTeamCountry "GER"]

1. e4 e6 2. d4 b6 3. Bd3 Bb7 4. Nf3 c5 5. c3 Qc7 6. 0-0 Nf6 7. Re1 h6 8. Nbd2 d6 9. Nf1 Be7 10. Ng3 Nbd7 11. e5 dxe5 12. dxe5 Nh7 13. Qe2 Ng5 14. Nxg5 hxg5 15. Be4 Bxe4 16. Qxe4 0-0-0 17. f4 gxf4 18. Qxf4 Rdf8 19. Qe4 Rh4 20. Qa8+ Nb8 21. Ne2 g5 22. g3 Rh3 23. Nd4 cxd4 24. cxd4 Qb7 0-1

[Event "Ruhrgebiet VK2 1213"]
[Site "Nordrheinwestfalen"]
[Date "2013.04.28"]
[Round "9.3"]
[White "Schlottmann, Fabian"]
[Black "Lauche, Christoph"]
[Result "1/2-1/2"]
[WhiteElo "1886"]
[BlackElo "1878"]
[PlyCount "42"]
[EventDate "2012.09.02"]
[EventType "team-tourn"]
[EventRounds "9"]
[EventCountry "GER"]
[SourceTitle "EXT 2020"]
[Source "ChessBase"]
[SourceDate "2019.10.17"]
[SourceVersion "1"]
[SourceVersionDate "2019.10.17"]
[SourceQuality "1"]
[WhiteTeam "Boenen SV"]
[BlackTeam "Dortmund FS 98 II"]
[WhiteTeamCountry "GER"]
[BlackTeamCountry "GER"]

1. d4 f5 2. Nc3 Nf6 3. Bg5 e6 4. e4 fxe4 5. Bxf6 Qxf6 6. Nxe4 Qh6 7. Bd3 d6 8. Nf3 Be7 9. Qd2 Qxd2+ 10. Kxd2 Nd7 11. Neg5 Nf8 12. Rae1 h6 13. Ne4 Bd7 14. Re2 Kf7 15. Nc3 g5 16. h3 Ng6 17. g3 a6 18. Rhe1 Rad8 19. a4 Rhf8 20. a5 Kg7 21. Be4 Bc8 1/2-1/2

[Event "Oberhausen op"]
[Site "Oberhausen"]
[Date "2013.03.28"]
[Round "1"]
[White "Lauche, Christoph"]
[Black "Hort, Vlastimil"]
[Result "0-1"]
[WhiteElo "1877"]
[BlackElo "2453"]
[PlyCount "64"]
[EventDate "2013.03.28"]
[EventType "swiss"]
[EventRounds "7"]
[EventCountry "GER"]
[SourceTitle "CBM 153 Extra"]
[Source "ChessBase"]
[SourceDate "2013.04.22"]
[SourceVersion "1"]
[SourceVersionDate "2013.04.22"]
[SourceQuality "1"]

1. e4 c5 2. b4 cxb4 3. a3 bxa3 4. Nxa3 d6 5. d4 g6 6. Bd3 Bg7 7. Ne2 Nc6 8. c3 Nf6 9. 0-0 0-0 10. Nc2 e5 11. f4 Bg4 12. fxe5 dxe5 13. d5 Ne7 14. Ne3 Bxe2 15. Qxe2 Ne8 16. c4 b6 17. c5 bxc5 18. Ba3 Nd6 19. Bxc5 a5 20. Rab1 Nec8 21. Nc4 Qc7 22. Be3 Nxc4 23. Bxc4 Nd6 24. Bd3 f5 25. Rfc1 Qd7 26. Bc5 Rac8 27. Rb6 fxe4 28. Ba6 Rc7 29. Rc6 Rxc6 30. dxc6 Qxc6 31. Qa2+ Kh8 32. Be2 Bh6 0-1

[Event "Ruhrgebiet VK2 1213"]
[Site "Nordrheinwestfalen"]
[Date "2012.12.02"]
[Round "4.2"]
[White "Lauche, Christoph"]
[Black "Herrmann, Uwe"]
[Result "1/2-1/2"]
[WhiteElo "1878"]
[BlackElo "1946"]
[PlyCount "81"]
[EventDate "2012.09.02"]
[EventType "team-tourn"]
[EventRounds "9"]
[EventCountry "GER"]
[SourceTitle "EXT 2020"]
[Source "ChessBase"]
[SourceDate "2019.10.17"]
[SourceVersion "1"]
[SourceVersionDate "2019.10.17"]
[SourceQuality "1"]
[WhiteTeam "Dortmund FS 98 II"]
[BlackTeam "Annen Sport Union"]
[WhiteTeamCountry "GER"]
[BlackTeamCountry "GER"]

1. e4 e6 2. Nf3 d5 3. e5 c5 4. b4 cxb4 5. a3 Nc6 6. axb4 Bxb4 7. c3 Be7 8. d4 f6 9. Bd3 fxe5 10. dxe5 Nh6 11. Bxh6 gxh6 12. 0-0 0-0 13. Re1 Rf7 14. Nbd2 Qf8 15. Nb3 Bd7 16. Ra2 Qg7 17. Re3 Kh8 18. Kh1 Rg8 19. g3 Rgf8 20. Bf1 Qg4 21. Bg2 Qh5 22. Qe2 Qg6 23. Qe1 a6 24. Nfd4 Nxd4 25. cxd4 Rc8 26. Qd1 Bb5 27. Nd2 Bf8 28. f4 Rfc7 29. Re1 Rc3 30. g4 Qd3 31. Nf1 Qc4 32. Rd2 Bb4 33. f5 exf5 34. gxf5 Rb3 35. Qg4 Rg8 36. Qh4 Qc6 37. e6 Bxd2 38. Qf6+ Rg7 39. Qf8+ Rg8 40. Qf6+ Rg7 41. Qf8+ 1/2-1/2

[Event "Ruhrgebiet VK2 1213"]
[Site "Nordrheinwestfalen"]
[Date "2012.10.28"]
[Round "3.3"]
[White "Lauche, Christoph"]
[Black "Krueger, Erich"]
[Result "0-1"]
[WhiteElo "1878"]
[BlackElo "2114"]
[PlyCount "104"]
[EventDate "2012.09.02"]
[EventType "team-tourn"]
[EventRounds "9"]
[EventCountry "GER"]
[SourceTitle "EXT 2020"]
[Source "ChessBase"]
[SourceDate "2019.10.17"]
[SourceVersion "1"]
[SourceVersionDate "2019.10.17"]
[SourceQuality "1"]
[WhiteTeam "Dortmund FS 98 II"]
[BlackTeam "Katernberg SF III"]
[WhiteTeamCountry "GER"]
[BlackTeamCountry "GER"]

1. e4 c6 2. Nc3 d5 3. Qf3 e6 4. d4 Nf6 5. e5 Nfd7 6. Nh3 Be7 7. Qg3 g6 8. Bd3 c5 9. Nf4 Rg8 10. 0-0 cxd4 11. Ncxd5 Nxe5 12. Nxe7 Qxe7 13. Re1 Nbc6 14. Bb5 f6 15. Nd5 exd5 16. f4 Qc5 17. Bxc6+ bxc6 18. fxe5 f5 19. e6 Rg7 20. Qe5 Qe7 21. Bg5 Qc7 22. Qxd4 Qb6 23. Qf2 Qxf2+ 24. Kxf2 Rb8 25. Kf3 Rb4 26. e7 Rf7 27. b3 Rg4 28. Bf4 g5 29. Bd6 Re4 30. Rxe4 dxe4+ 31. Ke3 Rf6 32. Bc5 Re6 33. g3 a6 34. Rd1 Bd7 35. Rd4 Rh6 36. Rd2 Re6 37. c4 Re5 38. Kd4 e3 39. Re2 Rxc5 40. Rxe3 f4 41. Re1 Rf5 42. gxf4 gxf4 43. b4 Rf7 44. a4 f3 45. Rf1 f2 46. Ke3 Kxe7 47. Rxf2 Rxf2 48. Kxf2 Be6 49. b5 cxb5 50. cxb5 a5 51. Ke3 Bb3 52. Kd4 Kd6 0-1

[Event "Ruhrgebiet VK2 1112"]
[Site "Nordrheinwestfalen"]
[Date "2012.03.25"]
[Round "8.2"]
[White "Lauche, Christoph"]
[Black "Gehring, Sven"]
[Result "1-0"]
[WhiteElo "1847"]
[BlackElo "1883"]
[PlyCount "42"]
[EventDate "2012.09.18"]
[EventType "team-tourn"]
[EventRounds "9"]
[EventCountry "GER"]
[SourceTitle "EXT 2020"]
[Source "ChessBase"]
[SourceDate "2019.10.17"]
[SourceVersion "1"]
[SourceVersionDate "2019.10.17"]
[SourceQuality "1"]
[WhiteTeam "Dortmund FS 98 II"]
[BlackTeam "Recklinghausen Laeufer Ost II"]
[WhiteTeamCountry "GER"]
[BlackTeamCountry "GER"]

1. e4 d6 2. d4 g6 3. Nc3 Bg7 4. Bg5 Nf6 5. e5 dxe5 6. dxe5 Qxd1+ 7. Rxd1 Ng4 8. h3 Nxf2 9. Kxf2 Bxe5 10. Nd5 Be6 11. Bf4 Bxf4 12. Nxf4 0-0 13. Nxe6 fxe6+ 14. Nf3 e5 15. Bc4+ Kh8 16. Rhe1 Nc6 17. Kg1 Rf4 18. Bd5 Nd4 19. Nxd4 exd4 20. Rxe7 c6 21. Bf3 Rb8 1-0

[Event "Ruhrgebiet VK2 1112"]
[Site "Nordrheinwestfalen"]
[Date "2011.09.18"]
[Round "1.2"]
[White "Lauche, Christoph"]
[Black "Nattermueller, Mathias"]
[Result "0-1"]
[WhiteElo "1847"]
[BlackElo "2005"]
[PlyCount "102"]
[EventDate "2012.09.18"]
[EventType "team-tourn"]
[EventRounds "9"]
[EventCountry "GER"]
[SourceTitle "EXT 2020"]
[Source "ChessBase"]
[SourceDate "2019.10.17"]
[SourceVersion "1"]
[SourceVersionDate "2019.10.17"]
[SourceQuality "1"]
[WhiteTeam "Dortmund FS 98 II"]
[BlackTeam "Ahlen SV II"]
[WhiteTeamCountry "GER"]
[BlackTeamCountry "GER"]

1. e4 c5 2. b4 b6 3. bxc5 bxc5 4. Nc3 Nc6 5. Nf3 Rb8 6. Bc4 e6 7. 0-0 Nge7 8. Re1 Nd4 9. d3 Nec6 10. Bf4 d6 11. Nxd4 Nxd4 12. Ne2 Nc6 13. c3 Be7 14. d4 cxd4 15. cxd4 0-0 16. Rb1 Rxb1 17. Qxb1 Bf6 18. Rd1 Qe7 19. Be3 e5 20. d5 Na5 21. Bd3 Bg5 22. Bxg5 Qxg5 23. Qb4 Nb7 24. Qa4 Bh3 25. Ng3 Bg4 26. Be2 Nc5 27. Qc2 Bd7 28. Qd2 Qd8 29. f3 Qb6 30. Kh1 h6 31. Nf1 a5 32. g4 a4 33. Ne3 Rb8 34. Nc4 Qc7 35. Ne3 Qd8 36. Nf5 a3 37. Rc1 Rb2 38. Rc2 Qb6 39. Kg2 Ba4 40. Nxh6+ Kf8 41. Nf5 f6 42. Bd1 Bxc2 43. Bxc2 Rxa2 44. Ne3 Rb2 45. Nc4 Qb4 46. Qxb4 Rxb4 47. Nxa3 Rb2 48. Kg3 Ra2 49. Nb5 Rxc2 50. Nxd6 Nd3 51. Nf5 Nf4 0-1

[Event "Duesseldorf Post op"]
[Site "Duesseldorf"]
[Date "2010.12.27"]
[Round "2"]
[White "Lauche, Christoph"]
[Black "Hausrath, Daniel"]
[Result "0-1"]
[WhiteElo "1881"]
[BlackElo "2473"]
[PlyCount "60"]
[EventDate "2010.12.26"]
[EventType "swiss"]
[EventRounds "7"]
[EventCountry "GER"]
[SourceTitle "CBM 140 Extra"]
[Source "ChessBase"]
[SourceDate "2011.03.01"]
[SourceVersion "1"]
[SourceVersionDate "2011.03.01"]
[SourceQuality "1"]

1. e4 c5 2. b4 cxb4 3. a3 b3 4. cxb3 d5 5. exd5 Nf6 6. Nc3 Nxd5 7. Bc4 Nb6 8. Be2 Nc6 9. Nf3 g6 10. d4 Bg7 11. Be3 Be6 12. Rc1 Nd5 13. Nxd5 Bxd5 14. Bc4 0-0 15. Bxd5 Qxd5 16. Rc5 Qd6 17. d5 Ne5 18. 0-0 b6 19. Rc2 Qxa3 20. Nd4 Qd6 21. f4 Nd7 22. Nb5 Qb4 23. Nc7 Qxb3 24. Rf3 Rac8 25. Bc5 Qa4 26. Ra3 Qxc2 27. Qxc2 Rxc7 28. Qa2 Rxc5 29. Rxa7 Rc1+ 30. Kf2 Ra1 0-1